Komparácia metód riešenia krízy vo vybranom podniku diplomová práca

Guardado en:
Detalles Bibliográficos
Autor principal: Bašistová, Jana
Autor Corporativo: Fakulta podnikového manažmentu EU. Katedra podnikovohospodárska
Otros Autores: Neumannová, Anna
Formato: Libro
Lenguaje:eslovaco
Publicado: Bratislava 2013
Etiquetas: Agregar Etiqueta
Sin Etiquetas, Sea el primero en etiquetar este registro!

MARC

LEADER 00000nbm a2200000 4500
001 0170686
005 20161109102403.7
041 0 |a slo 
044 |a SK 
245 1 0 |a Komparácia metód riešenia krízy vo vybranom podniku  |b diplomová práca  |c Jana Bašistová ; školiteľ: Anna Neumannová 
264 1 |a Bratislava  |c 2013 
300 |a 86 s. 
100 1 |a Bašistová, Jana 
700 1 |a Neumannová, Anna 
710 2 |a Fakulta podnikového manažmentu EU. Katedra podnikovohospodárska